000 00215 a2200109 4500
020 _a9781336045024
041 _aspa
100 _aMcCourt, Lisa
245 _aBuenas Noches Carita Sucia
942 _cBK
952 _71
999 _c22090
_d22090